| 000 | 01167cam a2200277 4500 | ||
|---|---|---|---|
| 001 | ##L135168 | ||
| 008 | 061003n2004 000 0 eng u | ||
| 020 | _a0860176258 | ||
| 035 | _a(Sirsi) u135168 | ||
| 041 | 0 | _aeng | |
| 050 | 0 | 4 | _a697 $2 18 |
| 100 | 1 | _aShaffer, Paul | |
| 245 | 0 | 0 |
_aModel agreements for sustainable water management systems _bmodel agreements for SUDS |
| 260 |
_aLondon _bCIRIA _c2004 |
||
| 300 |
_a4v. in slip case _c30cm. + _e1 CD-ROM |
||
| 490 | 0 |
_aCIRIA _v(C625) |
|
| 520 | _aOffers guidance on using and developing maintenance agreements for Sustainable Drainage Systems (SUDS). Model agreements are provided for planning obligation: incorporating SUDS provisions and a SUDS maintenance framework agreement and a sample private SUDS model agreement is also included. | ||
| 651 | 4 |
_aEngland and Wales _y1543- |
|
| 690 | _aBUILT ENVIRONMENT-BUILDING ELEMENTS-COMPLETE BUILDING SERVICES ELEMENTS-COMPLETE WATER SUPPLY SYSTEMS | ||
| 700 | 1 | _aElliott, Craig | |
| 700 | 1 | _aReed, Jon | |
| 700 | 1 | _aHolmes, John | |
| 700 | 1 | _aWard, Martin | |
| 710 | 2 |
_aConstruction Industry Research and Information Association _94810 |
|
| 942 | _n0 | ||
| 999 |
_c105937 _d105937 |
||